000 00725nam a22002657a 4500
001 8973
003 FISKH
005 20251112095043.0
008 251112b cb ||||| |||| 00| 0 eng d
020 _a9780545282468
040 _aFISKH
_beng
_cFISKH
_dFISKH
050 _aPZ7
082 _a551.5
100 _aPrince, Penelope
_eAuthor
245 _aThe sky /
_cBy Penelope Prince
260 _aNew York :
_bScholastic ,
_c2010
300 _a8 pages :
_bcolor illustrations ;
_c21 cm
505 _aE
520 _aSimple text and illustrations describe what you might see in the sky.
521 8 _a180
_bLexile
521 8 _aE
_bRaz-Plus
650 _aPicture book
_vSky
942 _2ddc
_cBK
_n0
999 _c8973
_d8973